000 00878nam a22002652a 4500
001 16571
003 BD-RjUL
005 20211209000027.0
008 140213s1940 nyua 000 0 eng d
035 _a(BD-RjUL)16626
_aOCLC ocm01478021 from D950623M
040 _aDLC
_cJPL
_dOCL
_dEQO
_dBD-RjUL
_beng
041 _aeng
082 0 0 _a792
_bCOF 1940
100 1 _aColvan, Ezekiel Bredin,
_d1880-
_951205
245 1 0 _aFace the footlights! :
_bA new and practical approach to acting /
_cby E. B. (Zeke) Colvan
260 _aNew York :
_bWhittlesey house ;
_aLondon :
_bMcGraw-Hill book company, inc,
_cc1940.
300 _axv, 318 p. :
_billus., diagr.
_c26 cm.
500 _aIllustrated lining-papers
504 _aIncludes index.
650 0 _aActing
_949089
650 0 _aExpression
_921239
650 0 _aTheatrical makeup
_950572
942 _2ddc
_cBK
999 _c16571
_d16571